000 00811nam a22002177a 4500
999 _c1117
_d1117
003 AR-CdUCM
008 190226b ||||| |||| 00| 0 spa d
040 _aMUNICIPALIDAD PROVINCIAL DEL CUSCO
_cBIBLIOTECA MUNICIPAL DEL CUSCO
082 _a335.4 /
_bL45
100 _aUliánov, Vladímir Ilich (Lenin)
_94372
245 _aEl Estado :
_by la Revolucion /
_cUliánov, Vladímir Ilich (Lenin)
260 _aLima - Peru :
_bPolemica ,
_c1971.
300 _a142 paginas :
_c19.5 cm.
505 _aEl marxismo ideologico -- Teoria Marxista sobre el Estado -- La dictadura del Proletariado...
650 _aMarxismo.
_924
650 _aTeoria Marxista del Estado.
_94373
650 _aEl Proletariado.
_94374
700 _aUliánov, Vladímir Ilich (Lenin)
_94372
942 _2ddc
_cLIBROS
945 _artm
_d2019-02-26